000 00298nam a22001217a 4500
008 170623b xxu||||| |||| 00| 0 eng d
041 _aeng
080 _a32
100 _a21
101 _aSHP
245 _aTHE INTERNATIONAL SITUATION AND SOVIET FOREIGN POLICY
_cRUSH.M
942 _2udc
_cBK
999 _c18888
_d18888